<?xml version="1.0" encoding="UTF-8"?>
<marc:record xmlns:marc="http://www.loc.gov/MARC21/slim">
   <marc:leader>00000nam a2200000 a 4500</marc:leader>
   <marc:datafield ind1="1" ind2=" " tag="100">
      <marc:subfield code="a">Goosen, Frank</marc:subfield>
      <marc:subfield code="4">ctb</marc:subfield>
      <marc:subfield code="e">Mitwirkende/-r</marc:subfield>
   </marc:datafield>
   <marc:datafield ind1="1" ind2=" " tag="100">
      <marc:subfield code="a">Wanoth, Katja</marc:subfield>
      <marc:subfield code="4">ctb</marc:subfield>
      <marc:subfield code="e">Mitwirkende/-r</marc:subfield>
   </marc:datafield>
   <marc:datafield ind1=" " ind2=" " tag="653">
      <marc:subfield code="a">CD</marc:subfield>
   </marc:datafield>
   <marc:datafield ind1="0" ind2="0" tag="245">
      <marc:subfield code="a">Frank Goosen liest So viel Zeit</marc:subfield>
   </marc:datafield>
   <marc:datafield ind1="0" ind2="0" tag="245">
      <marc:subfield code="c">Textkürzungen: Katja Wanoth</marc:subfield>
   </marc:datafield>
   <marc:datafield ind1=" " ind2="1" tag="264">
      <marc:subfield code="a">Bochum</marc:subfield>
      <marc:subfield code="b">Roof Music</marc:subfield>
      <marc:subfield code="c">2007</marc:subfield>
   </marc:datafield>
   <marc:datafield ind1="1" ind2=" " tag="490">
      <marc:subfield code="a">Tacheles!</marc:subfield>
   </marc:datafield>
   <marc:datafield ind1=" " ind2=" " tag="250">
      <marc:subfield code="a">Gekürzte, autoris. Hörbuchfassung</marc:subfield>
   </marc:datafield>
   <marc:datafield ind1="1" ind2=" " tag="520">
      <marc:subfield code="a">Angaben aus der Verlagsmeldung

So viel Zeit / von Frank Goosen

Die Generation "Liegen lernen" 20 Jahre später – mit allen dazugehörenden Erfahrungen: Kinder, Hausbau, große Liebe, Trennung, Tod.
Nicht nur der Autor, auch seine Figuren sind erwachsen geworden. ----

Thomas, Konni, Rainer und Bulle, Freunde seit der Schulzeit und in den besten Jahren, haben außer ihren Doppelkopfabenden kaum noch etwas gemeinsam. Jeder hat sich auf seine Weise mit dem bürgerlichen Dasein abgefunden. Doch dann entschließen sie sich, eine Rock-Band zu gründen und ihren Freund Ole aus Berlin zurück nach Bochum zu holen. Und auf einmal hat ihre Freundschaft nicht nur eine gemeinsame Vergangenheit, sondern auch eine Zukunft ...

Ein Roman voller Musik und guter Laune, einigen traurigen Wahrheiten und einer wichtigen Erkenntnis: Musik ist nicht dazu da, die Welt zu verbessern, sondern dazu, dein Leben zu retten!
</marc:subfield>
   </marc:datafield>
   <marc:datafield ind1=" " ind2=" " tag="020">
      <marc:subfield code="a">9783864840319</marc:subfield>
      <marc:subfield code="9">9783864840319</marc:subfield>
   </marc:datafield>
   <marc:datafield ind1=" " ind2=" " tag="020">
      <marc:subfield code="a">3938781548</marc:subfield>
      <marc:subfield code="9">3938781548</marc:subfield>
   </marc:datafield>
   <marc:datafield ind1=" " ind2=" " tag="041">
      <marc:subfield code="a">ger</marc:subfield>
   </marc:datafield>
   <marc:datafield ind1=" " ind2=" " tag="300">
      <marc:subfield code="a">4 CDs</marc:subfield>
   </marc:datafield>
</marc:record>
